Nikdo vám nerozumí a co s tím dělat
Heidi Grant Halvorsonová, sociální psycholožka a autorka bestselerů vysvětluje, proč býváme tak často nepochopeni a jak to můžeme napravit.
Saved in:
| Main Author | |
|---|---|
| Other Authors | |
| Format | Book |
| Language | Czech |
| Published |
Praha :
Naše vojsko,
2017
|
| Subjects | |
| ISBN | 9788020616647 |
| Physical Description | 213 stran : ilustrace ; 21 cm |
| LEADER | 00000nam a2200000 i 4500 | ||
|---|---|---|---|
| 001 | 92096 | ||
| 003 | CZ-ZlUTB | ||
| 005 | 20240829163632.0 | ||
| 007 | ta | ||
| 008 | 171013s2017 xr a e f 000 0 cze d | ||
| 015 | |a cnb002944695 | ||
| 020 | |a 9788020616647 |q (brožováno) | ||
| 035 | |a (OCoLC)1022789865 | ||
| 040 | |a ULG001 |b cze |d OLA001 |e rda | ||
| 041 | 1 | |a cze |h eng | |
| 072 | 7 | |a 316.4/.7 |x Sociální interakce. Sociální komunikace |2 Konspekt |9 18 | |
| 080 | |a 316.625 |2 MRF | ||
| 080 | |a 159.923.2 |2 MRF | ||
| 080 | |a 316.772.4 |2 MRF | ||
| 080 | |a 316.472.4 |2 MRF | ||
| 080 | |a 316.473 |2 MRF | ||
| 080 | |a (035) |2 MRF | ||
| 100 | 1 | |a Halvorson, Heidi Grant-, |d 1973- |7 xx0147698 |4 aut | |
| 240 | 1 | 0 | |a No one understands you and what to do about it. |l Česky |
| 245 | 1 | 0 | |a Nikdo vám nerozumí a co s tím dělat / |c Heidi Grant Halvorsonová ; z anglického originálu No one understands you and what to do about it přeložila Marcela Kořínková |
| 264 | 1 | |a Praha : |b Naše vojsko, |c 2017 | |
| 300 | |a 213 stran : |b ilustrace ; |c 21 cm | ||
| 336 | |a text |b txt |2 rdacontent | ||
| 337 | |a bez média |b n |2 rdamedia | ||
| 338 | |a svazek |b nc |2 rdacarrier | ||
| 504 | |a Obsahuje bibliografické odkazy | ||
| 520 | |a Heidi Grant Halvorsonová, sociální psycholožka a autorka bestselerů vysvětluje, proč býváme tak často nepochopeni a jak to můžeme napravit. | ||
| 520 | |a Většina z nás předpokládá, že nás ostatní lidé vidí tak, jak my vidíme sami sebe, a že nás vidí tak, jací doopravdy jsme. Ale ani jedno z toho není pravda. Naše každodenní interakce jsou ovlivněny rafinovanými tendencemi, které zkreslují pohled, kterým nás vidí ti ostatní - a také formují to, jak je vnímáme. Můžeme se naučit, jak objasnit zprávy, které vysíláte - jakmile porozumíte optice čoček, které utvářejí vnímání. Čočky důvěry: Jsi přítel, nebo nepřítel? Na základě desetiletých výzkumů v psychologii a sociálních vědách Halvorsonová vysvětluje, jak optika těchto čoček ovlivňuje naší interakci - a jak si s tím poradit. Jakmile jednou porozumíte umění vnímání, budete komunikovat mnohem jasněji, vysílat zprávy, které jste opravdu zamýšleli, zlepšíte vaše osobní vztahy. Nakladatelská anotace. Kráceno. | ||
| 650 | 0 | 7 | |a sebepojetí |7 ph125450 |2 czenas |
| 650 | 0 | 7 | |a osobní prezentace |7 ph216780 |2 czenas |
| 650 | 0 | 7 | |a interpersonální komunikace |7 ph121153 |2 czenas |
| 650 | 0 | 7 | |a interpersonální vztahy |7 ph114786 |2 czenas |
| 650 | 0 | 7 | |a sociální vnímání |7 ph136842 |2 czenas |
| 650 | 0 | 9 | |a self-concept |2 eczenas |
| 650 | 0 | 9 | |a self-presentation |2 eczenas |
| 650 | 0 | 9 | |a interpersonal communication |2 eczenas |
| 650 | 0 | 9 | |a interpersonal relations |2 eczenas |
| 650 | 0 | 9 | |a social perception |2 eczenas |
| 655 | 7 | |a příručky |7 fd133209 |2 czenas | |
| 655 | 9 | |a handbooks and manuals |2 eczenas | |
| 700 | 1 | |a Kořínková, Marcela, |d 1955- |7 xx0076425 |4 trl | |
| 910 | |a ZLD002 | ||
| 952 | |0 0 |1 0 |4 0 |6 3166HALVORSONHG |7 0 |8 BOOK |9 149653 |a UTBZL |b UTBZL |c 005 |d 2019-01-21 |l 0 |o 316.6/HALVORSON,H.G. |p 420010178212 |r 2019-08-26 00:00:00 |v 299.00 |w 2019-08-26 |x N:nákup; |y 01 | ||
| 952 | |0 0 |1 0 |4 0 |6 3166HALVORSONHG |7 0 |8 BOOK |9 149654 |a UTBZL |b UTBZL |c 006 |d 2019-01-21 |l 4 |o 316.6/HALVORSON,H.G. |p 420010178213 |r 2025-09-16 00:00:00 |s 2025-09-09 |v 299.00 |w 2019-08-26 |x N:nákup; |y 04 | ||
| 992 | |a BK |b SK | ||
| 998 | |a 007575494 | ||
| 999 | |c 92096 |d 92096 | ||